000 00281nam a2200121Ia 4500
008 191201s2001 xx 000 0 und d
100 _aDHINGRA, I C
245 0 _aElements of Economics
260 _aN. delhi
_bSultan Chand
_c2001
300 _amisc
650 _aMBA
942 _2ddc
_cBK
999 _c185
_d185